01614nam a2200373Ia 4500001001200000003000800012006001900020007001500039008004100054010001700095020003100112020002600143040002100169035002100190050002700211082002300238100001900261245017800280260004400458300003300502504005100535533015200586650003500738650003600773650004900809650005000858650003100908650003200939655002900971710008001000710001701080856012601097999001701223ebr10685346CaPaEBRm u cr cn|||||||||130118s2013 dcuab sb 001 0 eng d z 2013001567 z9780821398449 (alk. paper) z9780821398456 (ebook) aCaPaEBRcCaPaEBR a(OCoLC)84159961414aS600.64.L4bD67 2013eb04a363.738/7409562231 aVerner, Dorte.10aIncreasing resilience to climate change in the agricultural sector of the Middle Easth[electronic resource] :bthe cases of Jordan and Lebanon /cDorte Verner ... [et al.]. aWashington, D.C. :bWorld Bank,cc2013. axxvii, 139 p. :bill., maps. aIncludes bibliographical references and index. aElectronic reproduction.bPalo Alto, Calif. :cebrary,d2013.nAvailable via World Wide Web.nAccess may be limited to ebrary affiliated libraries. 0aAgriculture and statezJordan. 0aAgriculture and statezLebanon. 0aClimatic changesxGovernment policyzJordan. 0aClimatic changesxGovernment policyzLebanon. 0aCrops and climatezJordan. 0aCrops and climatezLebanon. 7aElectronic books.2local2 aWorld Bank.bMiddle East and North Africa Region.bSustainable Development.2 aebrary, Inc.40uhttp://site.ebrary.com/lib/rucke/Doc?id=10685346zAn electronic book accessible through the World Wide Web; click to view c30496d30496